00864nam a2200241 a 450000100060000000300080000600500170001400800410003103500190007204000260009104100080011708200250012510000500015024501120020025000160031226000400032830000280036850000190039665000330041594200120044899900170046095201450047751021BD-RjUL20211209075611.0160829s1947 enka 001 0 eng c a(BD-RjUL)51141 aBD-RjULbengcBD-RjUL aeng 223a515.53bMAS 19471 aMacRobert, Thomas Murray,d1884-1962.915265910aSpherical harmonics :ban elementary treatise on harmonic functions with applications /cby T.M. MacRobert. a2nd rev.ed. aLondon :bMethuen & co. ltd.,c1947 a372p. :bill. ;c23 cm. aInclude index. 0aSpherical harmonics.9152660 2ddccBK c51021d51021 00102ddc40708NFICaRUCLbRUCLcStackd1957-05-18ePulo United ltd. g18.40l0o515.53 MAS 1947r2016-08-29 00:00:00tC-2w2016-08-29yBK